000 00328nam a2200133Ia 4500
008 220530s9999 xx 000 0 und d
041 _aeng
082 _a891.46
_bDAN
100 _aDandekar G N
_956154
245 _aSmarangatha (Marathi)
260 _aMumbai
_bMajestic Prakashan
_c2008
300 _a558 P
_bPB
906 _a60
_bGB
999 _c50991
_d50991